Statistics for Mammals in the Answer

Click here to take the quiz!

General Stats

  • This quiz has been taken 22,034 times
  • The average score is 13 of 20

Answer Stats

ClueAnswer% Correct
Wimoweh, a-wimowehThe {Lion} Sleeps Tonight
98%
Famous golfer{Tiger} Woods
93%
The Caped Crusader{Bat}man
77%
Ecretsay odecay orfay idskay{Pig} Latin
72%
Mischief{Monkey} Business
72%
William Cody{Buffalo} Bill
71%
Toys 'R' Us mascotGeoffrey the {Giraffe}
71%
Pretend to be deadPlay {Possum}
69%
Television antenna{Rabbit} Ears
69%
John Lennon statementI am the {Walrus}
68%
Purported rural entertainment{Cow} Tipping
66%
Custer's nemesisCrazy {Horse}
60%
Wonderland tea party attendeeMarch {Hare}
58%
Soldier's defensive pit{Fox}hole
55%
Wally's brother{Beaver} Cleaver
55%
British crosswalk{Zebra} Crossing
55%
Controversial Canadian activity{Seal} Clubbing
55%
Shakespeare playThe Taming of the {Shrew}
51%
To save for later{Squirrel} Away
51%
Marxist terroristCarlos the {Jackal}
27%

Score Distribution

Percentile by Number Answered

Percent of People with Each Score

Your Score History

You have not taken this quiz